[Event "TUR-chT 2nd League"]
[Site "Konya"]
[Date "2018.07.22"]
[Round "9.17"]
[White "Aladag, Yigit Dogan"]
[Black "Ozkara, Hasan Can"]
[Result "0-1"]
[WhiteElo "1637"]
[BlackElo "1833"]
[PlyCount "70"]
[EventDate "2018.07.16"]
[EventType "team-swiss"]
[EventRounds "9"]
[EventCountry "TUR"]
[SourceTitle "EXT 2019"]
[Source "ChessBase"]
[SourceDate "2018.10.10"]
[SourceVersion "1"]
[SourceVersionDate "2018.10.10"]
[SourceQuality "1"]
[WhiteTeam "Mersin Zeka"]
[BlackTeam "Serenler Egitim"]
[WhiteTeamCountry "TUR"]
[BlackTeamCountry "TUR"]

1. d4 d5 2. Nf3 Nf6 3. g3 Bf5 4. Bg2 e6 5. 0-0 c6 6. c4 Nbd7 7. Nc3 dxc4 8. Bf4 a5 9. Nd2 Nb6 10. e4 Bg6 11. Be3 Bb4 12. h3 0-0 13. f4 h6 14. g4 Nfd7 15. f5 Bh7 16. g5 exf5 17. exf5 Re8 18. Nde4 Bxc3 19. bxc3 Nd5 20. Bd2 hxg5 21. Bxg5 N7f6 22. Qe1 Kh8 23. Qh4 Rxe4 24. Bxe4 Nxc3 25. Bxf6 Qxf6 26. Qxf6 gxf6 27. Bg2 Ne2+ 28. Kh2 Nxd4 29. Be4 Re8 30. Rf4 b5 31. Rc1 Re5 32. Bb1 c3 33. Rh4 c2 34. Bxc2 Nxc2 35. Rxc2 Rxf5 0-1

[Event "TUR-chT 2nd League"]
[Site "Konya"]
[Date "2018.07.19"]
[Round "5.17"]
[White "Uzuner, Tufan Can"]
[Black "Ozkara, Hasan Can"]
[Result "0-1"]
[WhiteElo "1961"]
[BlackElo "1833"]
[PlyCount "70"]
[EventDate "2018.07.16"]
[EventType "team-swiss"]
[EventRounds "9"]
[EventCountry "TUR"]
[SourceTitle "EXT 2019"]
[Source "ChessBase"]
[SourceDate "2018.10.10"]
[SourceVersion "1"]
[SourceVersionDate "2018.10.10"]
[SourceQuality "1"]
[WhiteTeam "Adamlari Amator"]
[BlackTeam "Serenler Egitim"]
[WhiteTeamCountry "TUR"]
[BlackTeamCountry "TUR"]

1. Nf3 Nf6 2. d4 d5 3. g3 c6 4. Bg2 g6 5. 0-0 Bf5 6. c4 e6 7. Nc3 Nbd7 8. Nd2 Be7 9. e4 dxe4 10. Ndxe4 0-0 11. Bf4 Nxe4 12. Nxe4 Nf6 13. Nc3 Rc8 14. Qb3 b5 15. Rfd1 Bd6 16. Ne2 Bg4 17. f3 Bf5 18. Bxd6 Qxd6 19. Rac1 Rfd8 20. Kf2 h5 21. h4 Re8 22. Qc3 bxc4 23. Qxc4 e5 24. Qc5 Qb8 25. b3 Nd5 26. Nc3 Nb4 27. Bf1 Nc2 28. Ba6 Rcd8 29. dxe5 Rxd1 30. Rxd1 Rxe5 31. Rd8+ Qxd8 32. Qxe5 Qb6+ 33. Ke2 Qxa6+ 34. Kd2 Qd3+ 35. Kc1 Nd4 0-1

[Event "TUR-chT 2nd League"]
[Site "Konya"]
[Date "2018.07.16"]
[Round "1.17"]
[White "Ozkara, Hasan Can"]
[Black "Aydin, Kaan Ayhan"]
[Result "1-0"]
[WhiteElo "1833"]
[BlackElo "1910"]
[PlyCount "67"]
[EventDate "2018.07.16"]
[EventType "team-swiss"]
[EventRounds "9"]
[EventCountry "TUR"]
[SourceTitle "EXT 2019"]
[Source "ChessBase"]
[SourceDate "2018.10.10"]
[SourceVersion "1"]
[SourceVersionDate "2018.10.10"]
[SourceQuality "1"]
[WhiteTeam "Serenler Egitim"]
[BlackTeam "Marmara Universitesi"]
[WhiteTeamCountry "TUR"]
[BlackTeamCountry "TUR"]

1. b3 e5 2. Bb2 Nc6 3. e3 g6 4. Nf3 Bg7 5. Bb5 Nge7 6. d4 exd4 7. 0-0 0-0 8. Nxd4 Qe8 9. Nd2 Nd8 10. Rb1 a6 11. Bd3 b6 12. c4 Bb7 13. Be4 Bxe4 14. Nxe4 d5 15. cxd5 Nxd5 16. Qf3 Qe7 17. Ng3 c6 18. Ngf5 gxf5 19. Nxf5 Qg5 20. Bxg7 Re8 21. h4 Qg6 22. h5 Qg5 23. Bh6 f6 24. Bxg5 fxg5 25. Qg4 Ne6 26. f4 Nf6 27. Nh6+ Kg7 28. Qf5 Nxh5 29. fxg5 Ra7 30. Qe5+ Kg6 31. Rf6+ Nxf6 32. Qxf6+ Kh5 33. g4+ Kh4 34. Kg2 1-0

[Event "TUR-chT 2nd League"]
[Site "Konya"]
[Date "2017.07.22"]
[Round "8.12"]
[White "Albayrak, Abdurrahman Kerem"]
[Black "Ozkara, Hasan Can"]
[Result "0-1"]
[WhiteElo "1851"]
[BlackElo "1788"]
[PlyCount "79"]
[EventDate "2017.07.17"]
[EventType "team-swiss"]
[EventRounds "9"]
[EventCountry "TUR"]
[SourceTitle "CBM 179 Extra"]
[Source "ChessBase"]
[SourceDate "2017.08.23"]
[SourceVersion "1"]
[SourceVersionDate "2017.08.23"]
[SourceQuality "1"]
[WhiteTeam "Istanbul Sisli"]
[BlackTeam "Burdur Serenler"]
[WhiteTeamCountry "TUR"]
[BlackTeamCountry "TUR"]

1. d4 d5 2. Bf4 Nf6 3. e3 c5 4. c3 Nc6 5. Nd2 Bf5 6. Qb3 Qb6 7. Ngf3 c4 8. Qxb6 axb6 9. a3 h6 10. Be2 e6 11. 0-0 b5 12. Rac1 g5 13. Bg3 Be7 14. h3 Rg8 15. Rfe1 Kd7 16. Bd1 Ne4 17. Nxe4 Bxe4 18. Nd2 Bd6 19. Bc2 Bxc2 20. Rxc2 f5 21. f3 Rae8 22. Nf1 h5 23. Rce2 g4 24. hxg4 hxg4 25. e4 gxf3 26. Rd2 fxg2 27. Rxg2 fxe4 28. Ree2 Z0 29. Bh4 e5 30. Ne3 Ke6 31. Ref2 exd4 32. Rf6+ Kd7 33. Nxd5 Bc5 34. Rh6 dxc3+ 35. Kh1 Rxg2 36. Kxg2 Rg8+ 37. Bg3 cxb2 38. Rh7+ Kd8 39. Nc3 Bb6 40. Rh3 0-1

[Event "TUR-chT 2nd League"]
[Site "Konya"]
[Date "2017.07.21"]
[Round "7.14"]
[White "Aydin, Akin"]
[Black "Ozkara, Hasan Can"]
[Result "0-1"]
[WhiteElo "1747"]
[BlackElo "1788"]
[PlyCount "155"]
[EventDate "2017.07.17"]
[EventType "team-swiss"]
[EventRounds "9"]
[EventCountry "TUR"]
[SourceTitle "CBM 179 Extra"]
[Source "ChessBase"]
[SourceDate "2017.08.23"]
[SourceVersion "1"]
[SourceVersionDate "2017.08.23"]
[SourceQuality "1"]
[WhiteTeam "Izmir Cesme Belediye"]
[BlackTeam "Burdur Serenler"]
[WhiteTeamCountry "TUR"]
[BlackTeamCountry "TUR"]

1. b3 Nf6 2. Bb2 g6 3. Bxf6 exf6 4. c4 Bg7 5. Nc3 0-0 6. g3 f5 7. Rc1 Re8 8. Bg2 d6 9. e3 Nd7 10. Nge2 Nc5 11. Qc2 a5 12. d4 Nd7 13. 0-0 c6 14. a3 Nf6 15. b4 axb4 16. axb4 Be6 17. b5 Bxc4 18. bxc6 d5 19. cxb7 Rb8 20. Rfe1 Rxb7 21. Rb1 Rc7 22. Qb2 Ne4 23. Rbc1 Bf8 24. Bf1 Bh6 25. Nxe4 dxe4 26. Nc3 Bxf1 27. Rxf1 Bf8 28. Na4 Ra7 29. Nc5 Qa8 30. Rc4 Ra2 31. Qc1 Qd5 32. Ra4 Rxa4 33. Nxa4 Rb8 34. Qc2 Rb5 35. Rc1 Rb8 36. Nc3 Qc4 37. Ne2 Qb5 38. Qc6 Qa5 39. Nf4 Rd8 40. Qc7 Qa8 41. Ne2 Bd6 42. Qb6 Bf8 43. Rb1 Bd6 44. Nc3 Bf8 45. Na4 Rd6 46. Qb5 Rd5 47. Qb7 Qd8 48. Nb6 Rd6 49. Nc4 Rd7 50. Qb6 Bd6 51. Qc6 Bf8 52. Na5 Rc7 53. Qb6 Bd6 54. Nc4 Bf8 55. Kg2 h5 56. Ra1 Qe8 57. Ne5 Bg7 58. Ra8 Qxa8 59. Qxc7 Bxe5 60. Qxe5 Qa1 61. Qe8+ Kg7 62. Qe5+ Kg8 63. h3 Qd1 64. Qf4 Kg7 65. g4 hxg4 66. hxg4 Qxg4+ 67. Qxg4 fxg4 68. Kf1 Kf6 69. Ke2 Ke6 70. Kf1 f5 71. Kg2 Kd5 72. Kg3 g5 73. Kg2 f4 74. Kf1 g3 75. exf4 gxf4 76. fxg3 fxg3 77. Kg2 Kxd4 78. Kxg3 0-1

[Event "TUR-chT 2nd League"]
[Site "Konya"]
[Date "2017.07.20"]
[Round "6.13"]
[White "Ozkara, Hasan Can"]
[Black "Caliskan, Kerem"]
[Result "1-0"]
[WhiteElo "1788"]
[BlackElo "1746"]
[PlyCount "63"]
[EventDate "2017.07.17"]
[EventType "team-swiss"]
[EventRounds "9"]
[EventCountry "TUR"]
[SourceTitle "CBM 179 Extra"]
[Source "ChessBase"]
[SourceDate "2017.08.23"]
[SourceVersion "1"]
[SourceVersionDate "2017.08.23"]
[SourceQuality "1"]
[WhiteTeam "Burdur Serenler"]
[BlackTeam "Antalya Calli"]
[WhiteTeamCountry "TUR"]
[BlackTeamCountry "TUR"]

1. d4 d5 2. c4 e6 3. cxd5 exd5 4. Nc3 Nf6 5. Bg5 c6 6. Qc2 Be7 7. Nf3 0-0 8. e3 Nbd7 9. Bd3 Re8 10. 0-0-0 Nf8 11. Ne5 g6 12. h4 Ng4 13. Nxg4 Bxg4 14. f3 Bd7 15. Bxe7 Qxe7 16. Rde1 Qd6 17. h5 b6 18. hxg6 fxg6 19. Kb1 c5 20. dxc5 bxc5 21. Nxd5 Bc6 22. Nc3 Qe6 23. Be4 c4 24. Bxc6 Qxc6 25. e4 Nd7 26. Nd5 Ne5 27. Qc3 Re6 28. Rc1 Nd3 29. Qxd3 cxd3 30. Rxc6 Rxc6 31. Ne7+ Kf7 32. Nxc6 1-0

[Event "TUR-chT 2nd League"]
[Site "Konya"]
[Date "2017.07.19"]
[Round "4.13"]
[White "Ozkara, Hasan Can"]
[Black "Ayran, Suleyman Sefa"]
[Result "1-0"]
[WhiteElo "1788"]
[BlackElo "1588"]
[PlyCount "65"]
[EventDate "2017.07.17"]
[EventType "team-swiss"]
[EventRounds "9"]
[EventCountry "TUR"]
[SourceTitle "CBM 179 Extra"]
[Source "ChessBase"]
[SourceDate "2017.08.23"]
[SourceVersion "1"]
[SourceVersionDate "2017.08.23"]
[SourceQuality "1"]
[WhiteTeam "Burdur Serenler"]
[BlackTeam "Pamukkale Yonetimi"]
[WhiteTeamCountry "TUR"]
[BlackTeamCountry "TUR"]

1. d4 Nf6 2. Nf3 e6 3. c4 d5 4. cxd5 exd5 5. Nc3 c6 6. Qc2 Bd6 7. Bg5 Nbd7 8. e3 0-0 9. Bd3 Qc7 10. 0-0 Re8 11. Rab1 a5 12. a3 h6 13. Bh4 b5 14. b4 axb4 15. axb4 Qb7 16. Rfc1 Nb6 17. Bxf6 gxf6 18. h3 Bd7 19. Re1 Nc4 20. Qc1 Kg7 21. e4 Rg8 22. e5 Be7 23. Ne2 fxe5 24. dxe5 Qc8 25. Ng3 Bg5 26. Nxg5 hxg5 27. Qxg5+ Kf8 28. Qh6+ Ke8 29. Bh7 Rh8 30. Qg7 Rf8 31. Nh5 Bf5 32. Nf6+ Ke7 33. Qg5 1-0

[Event "TUR-chT 2nd League"]
[Site "Konya"]
[Date "2017.07.18"]
[Round "3.6"]
[White "Gurbuz, Bayram"]
[Black "Ozkara, Hasan Can"]
[Result "1-0"]
[WhiteElo "1794"]
[BlackElo "1788"]
[PlyCount "91"]
[EventDate "2017.07.17"]
[EventType "team-swiss"]
[EventRounds "9"]
[EventCountry "TUR"]
[SourceTitle "CBM 179 Extra"]
[Source "ChessBase"]
[SourceDate "2017.08.23"]
[SourceVersion "1"]
[SourceVersionDate "2017.08.23"]
[SourceQuality "1"]
[WhiteTeam "Bursa Nida"]
[BlackTeam "Burdur Serenler"]
[WhiteTeamCountry "TUR"]
[BlackTeamCountry "TUR"]

1. e4 d6 2. d4 Nf6 3. Bd3 e5 4. c3 c6 5. Nf3 Nbd7 6. 0-0 Be7 7. Re1 0-0 8. Nbd2 Qc7 9. Nf1 Re8 10. h3 Bf8 11. Ng3 g6 12. Qc2 Bg7 13. Be3 d5 14. exd5 Nxd5 15. Bd2 Rf8 16. c4 Nf4 17. Bxf4 exf4 18. Ne4 Nf6 19. Nc3 Bd7 20. Rad1 Rad8 21. Qb3 Be6 22. Qa3 a6 23. Ne2 Rfe8 24. b3 h6 25. Qc1 Nh5 26. Bb1 Qb8 27. Nc3 b5 28. d5 Bxc3 29. Qxc3 cxd5 30. c5 b4 31. Qd4 Rc8 32. Rc1 a5 33. Ne5 Qa7 34. Ng4 Kh7 35. Re5 Bxg4 36. Rxe8 Rxe8 37. hxg4 Ng7 38. Qxd5 Ne6 39. c6 Qc7 40. Qe4 Rd8 41. Qc4 Rd4 42. Qb5 Rd8 43. Qb7 Rc8 44. Qxc7 Rxc7 45. Be4 Kg7 46. Kf1 1-0

[Event "Finik op"]
[Site "Finik"]
[Date "2017.06.11"]
[Round "2"]
[White "Ozkara, Hasan Can"]
[Black "Sozen, Abdullah"]
[Result "1-0"]
[WhiteElo "1768"]
[BlackElo "1657"]
[PlyCount "77"]
[EventDate "2017.06.10"]
[EventType "swiss"]
[EventRounds "7"]
[EventCountry "TUR"]
[SourceTitle "EXT 2018"]
[Source "ChessBase"]
[SourceDate "2017.10.13"]
[SourceVersion "1"]
[SourceVersionDate "2017.10.13"]
[SourceQuality "1"]

1. d4 Nf6 2. Nf3 e6 3. c4 Bb4+ 4. Bd2 Qe7 5. g3 0-0 6. Bg2 Nc6 7. 0-0 Bxd2 8. Qxd2 e5 9. Nc3 d6 10. d5 Nd8 11. e4 b6 12. b4 a5 13. a3 Ba6 14. Qe2 Bc8 15. Nh4 Ne8 16. Nf5 Bxf5 17. exf5 f6 18. Rab1 axb4 19. axb4 Qd7 20. Be4 Rc8 21. Rfe1 Nf7 22. h4 Nh6 23. Qc2 Kh8 24. Bd3 c6 25. dxc6 Qxc6 26. Nd5 Rf7 27. Rbc1 Ra7 28. Be4 Qb7 29. Nxf6 Qe7 30. Nd5 Qd8 31. Qd3 Ra2 32. Ne3 Nf7 33. c5 bxc5 34. bxc5 Qe7 35. Bd5 Ra7 36. c6 Ra4 37. Qb3 Ra7 38. Be6 Rcc7 39. Nd5 1-0

[Event "Antalya op"]
[Site "Antalya"]
[Date "2011.01.09"]
[Round "4"]
[White "Ozkara, Hasan Can"]
[Black "Ulusal, Mehmet Haci"]
[Result "1-0"]
[WhiteElo "1450"]
[BlackElo "1817"]
[PlyCount "65"]
[EventDate "2011.01.08"]
[EventType "swiss"]
[EventRounds "9"]
[EventCountry "TUR"]
[SourceTitle "EXT 2012"]
[Source "ChessBase"]
[SourceDate "2011.11.24"]
[SourceVersion "1"]
[SourceVersionDate "2011.11.24"]
[SourceQuality "1"]

1. e4 d5 2. exd5 Qxd5 3. Nc3 Qd8 4. d4 Nf6 5. Bc4 e6 6. Be3 Be7 7. Qd2 Nbd7 8. Nge2 h6 9. 0-0-0 c6 10. f3 b5 11. Bb3 a5 12. a4 Bb4 13. Qd3 Ba6 14. axb5 cxb5 15. Ne4 a4 16. c3 Ba5 17. Ba2 b4 18. Bc4 Bxc4 19. Nd6+ Ke7 20. Nxc4 Nd5 21. Nxa5 Qxa5 22. cxb4 Rhc8+ 23. Kb1 Qxb4 24. Bd2 Qb7 25. Qa3+ Ke8 26. Rc1 Rcb8 27. Nf4 Nc7 28. Ka2 Nb5 29. Qb4 Nf6 30. Rhe1 Nd5 31. Qc5 Rc8 32. Qxd5 Qa6 33. Nxe6 1-0